Κατάλογος Βιβλιοθηκών Mediterranean College

Χρήμα / Πράσινες Κατασκευές: Κερδίζουν Έδαφος - Συγκεντρώνουν το Μεγαλύτερο Αγοραστικό Ενδιαφέρον (Record no. 9159)

MARC details
000 -LEADER
fixed length control field 01520cam a22001814a 4500
005 - ΗΜΕΡΟΜΗΝΙΑ ΚΑΙ ΩΡΑ ΤΕΛΕΥΤΑΙΑΣ ΕΝΗΜΕΡΩΣΗΣ
Πεδίο ελέγχου 20250605164355.0
008 - FIXED-LENGTH DATA ELEMENTS--GENERAL INFORMATION
Πεδίο ελέγχου σταθερού μήκους 250528s ||||||||||||||||||||||||d
035 ## - SYSTEM CONTROL NUMBER
System control number 24269
040 ## - ΠΗΓΗ ΚΑΤΑΛΟΓΟΓΡΑΦΗΣΗΣ
Φορέας πρωτότυπης καταλογογράφησης MC Athens Campus Library
Γλώσσα καταλογογράφησης Ελληνικά, Μοντέρνα (1453-)
Modifying agency MC Athens Campus Library
Κανόνες περιγραφικής καταλογογράφησης AACR2
245 1# - ΤΙΤΛΟΣ ΚΑΙ ΔΗΛΩΣΗ ΥΠΕΥΘΥΝΟΤΗΤΑΣ
Τίτλος Χρήμα / Πράσινες Κατασκευές: Κερδίζουν Έδαφος - Συγκεντρώνουν το Μεγαλύτερο Αγοραστικό Ενδιαφέρον
260 ## - PUBLICATION, DISTRIBUTION, ETC.
Name of publisher, distributor, etc. Ethos Media,
Date of publication, distribution, etc. 2021
300 ## - PHYSICAL DESCRIPTION
Extent 80
520 ## - SUMMARY, ETC.
Summary, etc. Απολογισμός Greek Exports & Awards 2020: Όλος ο Κόσμος των Εξαγωγέων στο Ετήσιο Ραντεβού, Πράσινες Κατασκευές: Κερδίζουν Έδαφος - Συγκεντρώνουν το Μεγαλύτερο Αγοραστικό Ενδιαφέρον, Απολογισμός Επιχειρηματικά Βραβεία Χρήμα: Ανέδειξαν για 18η Χρονιά τους Άριστους του Ελληνικού Χρηματιστηρίου, Απολογισμός Coffee Business Awards: Επιβράβευσαν τις Προσπάθειες των Επιχειρήσεων Καφέ σε Συνθήκες Πανδημίας, Εν Αρχή: ΧΑ - Συστράτευση για την Αναβάθμιση, Ανάλυση VRS: SWITCH, Δια Ταύτα: Με Αφορμή το 2ο Συνέδριο Επαγγελματικής Ασφάλισης.
700 1# - ΠΡΟΣΘΕΤΗ ΑΝΑΓΡΑΦΗ--ΦΥΣΙΚΟ ΠΡΟΣΩΠΟ
Personal name Ουζούνη Κωνσταντίνος
9 (RLIN) 9441
942 ## - ADDED ENTRY ELEMENTS (KOHA)
Koha item type Περιοδικά Δημοσιεύματα
Holdings
Τύπος τεκμηρίου Βιβλιοθήκη Τρέχουσα τοποθεσία Barcode Ημερομηνία απόκτησης Ταξιθετικό σύμβολο Αριθμός αντιτύπου Αρίθμηση σειρών / χρονολογία Κατάσταση απόσυρσης Κατάσταση χαμένου Κατάσταση κατεστραμμένου Μη δανεισμός Σύνολο δανεισμών Ημερομηνία τελευταίας εμφάνισης Η τιμή ισχύει από
Περιοδικά Δημοσιεύματα MC Athens Campus Library MC Athens Campus Library 9780000091581 05/06/2025 ΧΡΗΜΑ 1 450           05/06/2025 05/06/2025

MC Athens Campus Library
Πατησίων 94 & Κοδριγκτώνος 13, 104 34
Πελλήνης 8 & Πατησίων 107, 112 51
Τ: +30 210 8899600

MC Thessaloniki Campus Library
Ίωνος Δραγούμη 21, 54625 | Ίωνος Δραγούμη 15, 54625
Τ: +30 2310 287779 – Τ: +30 2314 440300